| 000 | 00815nam a22002177a 4500 | ||
|---|---|---|---|
| 005 | 2009082708138.0 | ||
| 008 | 090827t xxu||||| |||| 00| 0 eng d | ||
| 010 | _aENG-94930 | ||
| 020 |
_a9788190821018 _c70.00 |
||
| 035 | _aEN-78463 | ||
| 037 | _bDBAD / PUB | ||
| 040 |
_adpl _bEnglish |
||
| 082 | _a338.5 | ||
| 100 | _aGnana Guru, K. | ||
| 245 |
_aAn introduction of micro economics / _cby K. Gnana Guru |
||
| 260 |
_aCoimbatore _bA.E. Publications _c2009 |
||
| 270 |
_aNo.10, Sundaram St.-1, P.N. Pudur, _bCoimbatore _e641041 |
||
| 300 |
_apt.1 (80p.) _c22cm(pbk) |
||
| 942 |
_2ddc _cEN _mGNA _h338.5 |
||
| 999 |
_c29698 _d29698 |
||